French Verbs #2 Avoir (to have) - Statistics

General Stats
  • This quiz has been taken 717 times
  • The average score is 7 of 8
Answer Stats
Hint Answer % Correct
I have J'ai
99%
She has Elle a
96%
He has Il a
96%
You have Tu as
95%
We have Nous avons
94%
You have (pl.) Vous avez
93%
They have (f.) Elles ont
79%
They have (m.) Ils ont
79%
No matching quizzes found
Score Distribution
Percent of People with Each Score
Percentile by Number Answered
Your Score History
You have not taken this quiz